Tenisistki - nagła śmierć - Statystyki

Ogólne statystyki
  • Ten quiz został rozwiązany 333 razy
  • Średni wynik to 12 z 15
Answers on the Grid
Answers color-coded by a green-red scale on the quiz's grid according to % correct below.
Iga Świątek
Femke Bol
Therese Johaug
Magda Linette
Malwina Smarzek
Agnieszka Radwańska
Marija Szarapowa
Serena Williams
Ebrar Karakurt
Alexia Putellas
Garbiñe Muguruza
Aitana Bonmatí
Naomi Osaka
Mikaela Shiffrin
Jelena Rybakina
Aryna Sabalenka
Shelly-Ann Fraser-Pryce
Jasmine Paolini
Paula Badosa
Annemiek van Vleuten
Emma Raducanu
Valentina Shevchenko
Jeļena Ostapenko
Natalia Bukowiecka
Coco Gauff
Lindsey Vonn
Urszula Radwańska
Diana Taurasi
 
Statystyki odpowiedzi
Odpowiedź % Poprawnych
Iga Świątek
100%
Magda Linette
90%
Aryna Sabalenka
89%
Serena Williams
89%
Agnieszka Radwańska
87%
Coco Gauff
84%
Jelena Rybakina
84%
Marija Szarapowa
84%
Naomi Osaka
83%
Jasmine Paolini
81%
Jeļena Ostapenko
80%
Paula Badosa
76%
Urszula Radwańska
76%
Emma Raducanu
73%
Garbiñe Muguruza
53%
Nie znaleziono quizów pasujących do podanych kryteriów
Rozkład punktacji
Procent ludzi z każdym wynikiem
Percentyl według liczby udzielonych odpowiedzi
Twoja historia wyników
Nie rozwiązałeś tego quizu